| 000 | 01065nam a2200313 a 4500 | ||
|---|---|---|---|
| 001 | 34301 | ||
| 003 | BD-RjUL | ||
| 005 | 20211209052134.0 | ||
| 008 | 140515s1982 ii b 001 0 eng | ||
| 035 | _a(BD-RjUL)34395 | ||
| 040 |
_aLC _beng _cLC _dWU _dBD-RjUL |
||
| 041 | _aeng | ||
| 082 | 0 | 4 |
_a306.30954 _219 _bLAI 1982 |
| 100 | 1 |
_aLakshman, T. K. _9104286 |
|
| 245 | 1 | 4 |
_aThe impact of socio-economic dualism on the development process : _beconomic pulls versus social rigidities in India / _cT.K. Lakshman, Uma Bhosekar. |
| 246 | 3 | _aDevelopment process | |
| 250 | _a1st ed. | ||
| 260 |
_aBombay : _bHimalaya Pub. House, _c1982. |
||
| 300 |
_axiv, 189 p. ; _c23 cm. |
||
| 500 | _aRunning title: The development process. | ||
| 504 | _aBibliography: p. [179]-182 and index. | ||
| 651 | 0 |
_aIndia _xEconomic conditions. _9104287 |
|
| 651 | 0 |
_aIndia _xSocial conditions. _9104288 |
|
| 651 | 0 |
_aIndia _xEconomic policy. _9104289 |
|
| 651 | 0 |
_aIndia _xSocial policy. _9104290 |
|
| 700 | 1 |
_aBhosekar, Uma. _9104291 |
|
| 942 |
_2ddc _cBK |
||
| 999 |
_c34301 _d34301 |
||